| 000 | 00807nam a2200241Ia 4500 | ||
|---|---|---|---|
| 003 | OSt | ||
| 005 | 20220925232534.0 | ||
| 006 | a|||||r|||| 00| 0 | ||
| 007 | ta | ||
| 008 | 220923b |||||||| |||| 00| 0 eng d | ||
| 037 | _cGeneral Book | ||
| 040 |
_aRTL _cRTL _beng |
||
| 041 |
_2eng _aeng |
||
| 082 | _aX9(D26):8.2.N9, N7 | ||
| 100 |
_aMitra Ashok K. _9297417 |
||
| 245 | 0 | _aIrrigation management and pricing of irrigation wa | |
| 260 |
_aMumbai _bNational Bank for Agriculture and Rural Development India _c1997 |
||
| 300 |
_a103p. Bibliography p.101-03 _ccm. |
||
| 500 | _aNational Bank for Agriculture and Rural Development, Occasional Paper, 4. | ||
| 650 |
_aRiver Industry _9233815 |
||
| 942 |
_hX9(D26):8.2.N9, N7 _cGB _2CC |
||
| 999 |
_c591551 _d591551 |
||